Religion, morality and communication between peoples: / (Record no. 32031)
[ view plain ]
| 000 -LEADER | |
|---|---|
| fixed length control field | 00951nam a2200229 4500 |
| 008 - FIXED-LENGTH DATA ELEMENTS--GENERAL INFORMATION | |
| fixed length control field | 080814m20049999dcu b 001 0 eng |
| 020 ## - INTERNATIONAL STANDARD BOOK NUMBER | |
| International Standard Book Number | 1565182103 :Php10.00 (AGST) |
| 090 ## - LOCALLY ASSIGNED LC-TYPE CALL NUMBER (OCLC); LOCAL CALL NUMBER (OCLC) | |
| Classification number (OCLC) (R) ; Classification number, CALL (RLIN) (NR) | BL65.P7 |
| Local cutter number (OCLC) ; Book number/undivided call number, CALL (RLIN) | R27h |
| 245 00 - TITLE STATEMENT | |
| Title | Religion, morality and communication between peoples: / |
| Statement of responsibility, etc | edited by Heinz Holley, John Kromkowski, Robert Magliola. |
| 260 ## - PUBLICATION, DISTRIBUTION, ETC. (IMPRINT) | |
| Place of publication, distribution, etc | Washington, D.C. : |
| Name of publisher, distributor, etc | Council for Research in Values and Philosophy, |
| Date of publication, distribution, etc | c2004 |
| 300 ## - PHYSICAL DESCRIPTION | |
| Extent | 284 p. ; |
| Dimensions | 23 cm. |
| 490 1# - SERIES STATEMENT | |
| Series statement | Cultural heritage and contemporary change. |
| -- | Series VII, |
| -- | Seminars on cultures and values ; |
| Volume number/sequential designation | v. 20 |
| 504 ## - BIBLIOGRAPHY, ETC. NOTE | |
| Bibliography, etc | Includes bibliographical references (p. 250-251) and index. |
| 505 0# - FORMATTED CONTENTS NOTE | |
| Formatted contents note | v. 1. Religion in public life |
| 650 #4 - SUBJECT ADDED ENTRY--TOPICAL TERM | |
| Topical term or geographic name as entry element | Religion and politics. |
| 650 #4 - SUBJECT ADDED ENTRY--TOPICAL TERM | |
| Topical term or geographic name as entry element | Religion and sociology. |
| 951 ## - EQUIVALENCE OR CROSS-REFERENCE-GEOGRAPHIC NAME/AREA NAME [OBSOLETE] [CAN/MARC only] | |
| General subdivision | 00036824 |
| 700 1# - ADDED ENTRY--PERSONAL NAME | |
| Personal name | Holley, Heinz |
| 700 1# - ADDED ENTRY--PERSONAL NAME | |
| Personal name | Kromkowski, John A. |
| 700 1# - ADDED ENTRY--PERSONAL NAME | |
| Personal name | Magliola, Robert R. |
| 951 ## - EQUIVALENCE OR CROSS-REFERENCE-GEOGRAPHIC NAME/AREA NAME [OBSOLETE] [CAN/MARC only] | |
| -- | 32201 |
| -- | BL65.P7/R27h |
| -- | 080814131242701 |
| -- | 2000-12-21 |
| Withdrawn status | Lost status | Damaged status | Not for loan | Home library | Current library | Date acquired | Accession number | Shelving control number | Total Checkouts | Full call number | Barcode | Date last seen | Price effective from | Koha item type |
|---|---|---|---|---|---|---|---|---|---|---|---|---|---|---|
| BSOP Library | BSOP Library | 12/21/2000 | 32201 | 127 | BL65.P7/R27h | 00036824 | 02/23/2013 | 02/23/2013 | Books |
